Score 0/16 Timer 02:00
0 Plays Today
Scrambled Word Unscrambled Word % Correct
REEPPPPepper
95.8%
NNOOIOnion
90.5%
TRACORCarrot
85.6%
LERCYECelery
81.9%
HISDRARadish
80.9%
What theme connects these:Vegetable
80.2%
GABEACBCabbage
80%
OHROSMUMMushroom
79.7%
Scrambled Word Unscrambled Word % Correct
UETLECTLettuce
78.6%
UPRINTTurnip
74.8%
PRASSUGAAAsparagus
71.2%
LEFOCURIWALCauliflower
62.3%
DEENVIEndive
38.9%
GAULRAUArugula
36.9%
LOSTLAHShallot
32.6%
KAHITORECArtichoke
26.5%

You're not logged in!

Compare scores with friends on all Sporcle quizzes.
OR
Log In

Sporcle TV

Today on Sporcle TV


Watch our educational content, quiz creation guides, and fun videos on Sporcle TV.

Show Comments

Extras

Top Quizzes Today


Score Distribution

Your Account Isn't Verified!

In order to create a playlist on Sporcle, you need to verify the email address you used during registration. Go to your Sporcle Settings to finish the process.

Report this User

Report this user for behavior that violates our Community Guidelines.

Details: